000 00663nam a2200241Ia 4500
003 OSt
005 20220924113035.0
006 a|||||r|||| 00| 0
007 ta
008 220923b |||||||| |||| 00| 0 eng d
024 _a54535
037 _cDictionary
040 _aARTS
_cARTS
_beng
041 _2eng
_aeng
082 _aP111:4k, 42L3 (=)
100 _aKai Hyojun Romaji
_9169360
245 0 _aAll romanised English Japanese dictionary
260 _aTokyo
_bCharles E Tuttle
_c1973
300 _a732p.
_ccm.
650 _aLINGUISTICS
942 _hP111:4k, 42L3 (=)
_cdic
_2cc
999 _c389057
_d389057